人口増減率の低い市町村Top20 - Statistics

General Stats
  • This quiz has been taken 75 times
  • The average score is 10 of 20
Answer Stats
順位 市町村 都道府県 人口 人口増減率 % Correct
2 野迫川村 奈良県 357 -20.5
83%
14 歌志内市 北海道 2,989 -16.6
66%
1 球磨村 熊本県 2,433 -34.2
64%
11 夕張市 北海道 7,334 -17.1
64%
8 檜枝岐村 福島県 504 -18
62%
19 下北山村 奈良県 753 -15.9
62%
4 渡名喜村 沖縄県 346 -19.5
59%
3 平谷村 長野県 387 -20
52%
6 南牧村 群馬県 1,611 -18.6
52%
18 御杖村 奈良県 1,479 -15.9
50%
13 佐井村 青森県 1,788 -16.8
48%
16 曽爾村 奈良県 1,295 -16.4
47%
17 笠置町 京都府 1,144 -16.4
47%
15 上関町 山口県 2,342 -16.4
45%
20 身延町 山梨県 10,663 -15.8
45%
10 風間浦村 青森県 1,636 -17.2
43%
7 上砂川町 北海道 2,841 -18.3
31%
9 大豊町 高知県 3,252 -17.9
28%
5 月形町 北海道 3,691 -19.4
19%
12 小川村 長野県 2,215 -16.9
16%
No matching quizzes found
Score Distribution
Percent of People with Each Score
Percentile by Number Answered
Your Score History
You have not taken this quiz